00715nam a2200193 a 450000100100000000500170001000800410002704000250006810000290009324501110012226000660023330000210029949000150032070000330033583000220036804900090039095201050039999900170050400002233920200930011706.0100930s1974 ag 001 0 spa d aDO-SdBNPbspacBNPHU1 aWhite, william S.94609814aLos responsables :bTuman Taft Eisenhower Kennedy Johnson /cWilliam S. White; traductor Manuel Barberá. aBuenos Aires :bEdisiones economía y empresa/Prolam,c1974. a197 p. ;c23 cm.1 aLa empresa1 aBarberá, Manueletr.99940 0aLa empresa946099 aBNPD 001050718MOaGRbGRcCTd2010-09-30iLF1l0o p22339-10r2020-06-25w2020-06-25y1ZNo se presta c21837d21837